000
00309nam a2200133Ia 4500
100
_a
Theraja/B.L
942
_c
BK
654
_a
devices
245
_a
Principles of Electronic Devices and circuits
260
_b
S.Chand & co
_a
New Delhi
_c
2003
082
_a
621.3815
_b
THE
300
_a
592
546
_a
ENGLISH
999
_c
33846
_d
33846